| 000 | 00603nam a2200205 a 4500 | ||
|---|---|---|---|
| 005 | 20140310183502.0 | ||
| 008 | 100906s19uu xx 00 eng d | ||
| 020 | _a981-06--9943-3 | ||
| 050 |
_aRT 89 _b.F499 2006 |
||
| 100 | _aFinkelman, Anita W. | ||
| 245 |
_aFundamentals of leadership and management in nursing. _cAnita W. Finkelman |
||
| 260 |
_aNew Jersey : _bPrentice Hall, _c2006. |
||
| 300 |
_a556 p. : _c28 cm. |
||
| 521 | _aNUR | ||
| 650 |
_aNursing services _xAdministration. |
||
| 650 | _aLeadership. | ||
| 650 | _aNurse administrators. | ||
| 942 |
_cBK _2lcc _kFOR |
||
| 999 |
_c23952 _d23952 |
||